1461 1580 1531 1310 1553 1223 1786 1272 1045 1764 1826 1530 1851 1604 1328 1973 1748 1749 1735 1017 1407 1549 1085 1091 1531 1370 1893 1479 1258 1606 1329 1376 1131 1356 1184 1153 1615 1784 1523 1832 1729 1410 1101 1365 1973 1947 1549 1380 1448 1546 1110 1224 1402 1425 1882 1980 1458 1232 1280 1919 1569 1555 1187 1799 1672 1268 1043 1506 1500 1370 1186 1993 1739 1203 1824 1271 1987 1511 1762 1810 1653 1215 1570 1141 1651 1452 1861 1482 1670 1619 1807 1887 1718 1969 1706 1913 1857 1055 1849 BCNSPRNW ULIB Ver.6.0+V

เปลี่ยนเป็นภาษาไทย

Change to English
 แสดงรายละเอียดบรรณานุกรม
  กลับหน้าหลัก

Brief Record : Get Marc (ISO 2709) : E-mail record : QR code < ปิดหน้าต่าง
LEADER : 00000nam 2200000uu 4500
001    13399127704
003     ULIB
008    210420s2563||||th 000 0 tha d
020    ^a9786165689977
060    ^aWY105^bม511ก
100    ^aมาลี คำคงและยุวนิดา อารามรมย์
245    ^aการศึกษาพยาบาลกับการปฏิบัติการพยาบาลเพื่อความปลอดภัย/ มาลี คำคงและยุวนิดา อารามรมย์
260    ^aสงขลา :^bเทมการพิมพ์,^c2563
300    ^a236 หน้า :^bตาราง, ภาคผนวก, ดัชนี ;^c22.8 ซม.
650    ^aการพยาบาล^xมาตราการความปลอดภัย
945    ^p250^l0^i008029
999    ^aประนอม เกษจรัล
รายการนี้ยังไม่มีแท็ก
คุณยังไม่ได้ล็อกอิน คุณสามารถมีกิจกรรมร่วมกับเว็บไซต์ได้ แต่ต้องล็อกอินก่อน ::
  ล็อกอิน

รายการสื่อสารสนเทศ

ลำดับที่ ประเภท เลขเรียก/บาร์โค้ด สถานที่ สถานะ
1. Book การพยาบาล
Book การพยาบาล
WY105 ม511ก ฉ.1 
  Barcode: 008029
ห้องสมุดวิทยาเขตสวรรค์ประชารักษ์
►หนังสือทั่วไป
บนชั้น

BibComment


ยังไม่เคยถูกคอมเมนท์

คอมเมนท์ทรัพยากรรายการนี้
  คอมเมนท์: การศึกษาพยาบาลกั..


 Copyright 2026. Bcnsprnw @Library